I Partner Commerciali più Importanti - Italia - Statistics

Statistiche generali
  • Questo quiz è stato fatto 272 volte
  • Il punteggio medio è 14 su 18
Statistiche sulle risposte
esportazioni importazioni nazione % Corretto
58,33 md 65,79 md Germania
98%
18,66 md 30,19 md Cina
97%
48,61 md 36,02 md Francia
97%
23,20 md 21,62 md Spagna
97%
40,87 md 15,40 md Stati Uniti
96%
7,44 md 11,75 md Russia
93%
24,87 md 12,17 md Regno Unito
92%
21,08 md 11,73 md Svizzera
89%
9,70 md 9,19 md Austria
88%
6,68 md Giappone
88%
12,43 md 9,66 md Polonia
79%
10,76 md 22,31 md Paesi Bassi
78%
14,94 md 19,70 md Belgio
74%
7,31 md 6,91 md Romania
67%
10,62 md 8,27 md Turchia
66%
5,07 md Ungheria
57%
7,05 md Cechia
51%
5,99 md Emirati Arabi Uniti
18%
Nessun quiz corrispondente trovato
Distribuzione punteggi
Percentuale di utenti per punteggio
Percentile per numero di risposta
I tuoi punteggi nel tempo
Non hai fatto questo quiz